00747nam a2200241 a 4500001001300000003000900013005001700022008004100039020001100080082001300091100002100104245007400125260003900199300000900238500003500247505002500282650002700307700002100334902000800355942000700363952011800370999001700488nice12345678IN_TiNIC20260116015206.0080522s2004 lona grp 000 0 eng  ac113100a291bRID aRiddell, Peter G aChristians and Muslimsb Pressures and Potential in a Post 9/11 World aLondonbInter-Varsity Press c2004 a254p aincludes index and biblioraphy2 anotes, biblio, index aChristianity and Islam1 aRiddell, Peter G bSRS cBK 001040708StackRoom-aHMIbHMId2009-08-20g1131.00l0o291 RIDp11002084r2009-08-20v1131.00w2008-05-22yBK c18695d18695